CENTRUM DOKUMENTÁRNÍHO FILMU KNIHOVNA

logo MFDF Ji.hlavalogo DOK.REVUElogo Inspirační fórum

Slunci a obzoru : (Záznam č. 1885)

Podrobnosti MARC
000 -LEADER
kontrolní pole pevné délky 03221cam a2201069 i 4500
001 - ŘÍDÍCÍ ČÍSLO
kontrolní pole nkc20253672961
003 - CONTROL NUMBER IDENTIFIER
kontrolní pole CZ PrSKC
005 - DATUM A ČAS POSLEDNÍHO ZPRACOVÁNÍ
kontrolní pole 20260428170125.0
007 - FYZICKÝ POPIS - SPECIFIKACE PRO TIŠTĚNÝ ČI RUKOPISNÝ (OKEM ČITELNÝ) TEXT
kontrolní pole pevné délky ta
008 - SPECIFIKACE PRO KNIHY A POKRAČUJÍCÍ ZDROJE
kontrolní pole pevné délky 250123s2025 xr abche 000 0dcze d
015 ## - ČÍSLO NÁRODNÍ BIBLIOGRAFIE
Číslo národní bibliografie cnb003672961
020 ## - MEZINÁRODNÍ STANDARDNÍ ČÍSLO KNIHY (ISBN)
ISBN 9788027522200
Kvalifikátor (vázáno)
035 ## - SYSTEM CONTROL NUMBER
System control number (OCoLC)1523000732
040 ## - CATALOGING SOURCE (Původ katalogizace)
Agentura zajišťující původní katalogizaci PVG001
Jazyk katalogizace cze
Agentura, která záznam modifikovala CBA001
-- OLA001
-- ABA001
Použitá pravidla popisu rda
043 ## - KÓD GEOGRAFICKÉ OBLASTI
Kód geografické oblasti e------
-- e-xr---
045 ## - ČASOVÉ OBDOBÍ OBSAHU DOKUMENTU
Kód časového období x3x3
072 #7 - SKUPINA KONSPEKTU
Klasifikační znak skupiny Konspektu 913(4)
Slovní vyjádření skupiny Konspektu Geografie Evropy, reálie, cestování
Zdroj Konspekt
080 ## - MEZINÁRODNÍ DESETINNÉ TŘÍDĚNÍ
Klasifikační znak MDT 910.4-051
Vydání MRF
080 ## - MEZINÁRODNÍ DESETINNÉ TŘÍDĚNÍ
Klasifikační znak MDT 796.61
Vydání MRF
080 ## - MEZINÁRODNÍ DESETINNÉ TŘÍDĚNÍ
Klasifikační znak MDT 913:910.4
Vydání MRF
080 ## - MEZINÁRODNÍ DESETINNÉ TŘÍDĚNÍ
Klasifikační znak MDT 913(4)
Vydání MRF
080 ## - MEZINÁRODNÍ DESETINNÉ TŘÍDĚNÍ
Klasifikační znak MDT (4)
Vydání MRF
080 ## - MEZINÁRODNÍ DESETINNÉ TŘÍDĚNÍ
Klasifikační znak MDT (437.3)
Vydání MRF
080 ## - MEZINÁRODNÍ DESETINNÉ TŘÍDĚNÍ
Klasifikační znak MDT (047.22)
Vydání MRF
100 1# - HLAVNI ZÁHLAVÍ - OSOBNÍ JMÉNO
Osobní jméno Krainer, Vratislav,
Data související se jménem 1915-2003
Relationship aut
245 10 - ÚDAJE O NÁZVU
Název Slunci a obzoru :
Další údaje o názvu deník z putování Evropou na kole v létě 1937 /
Údaje o odpovědnosti Vratislav Krainer ; k vydání připravila Jana Počtová
250 ## - ÚDAJE O VYDÁNÍ
Označení vydání První vydání
264 #1 - PRODUCTION, PUBLICATION, DISTRIBUTION, MANUFACTURE, AND COPYRIGHT NOTICE
Place of production, publication, distribution, manufacture Brno :
Name of producer, publisher, distributor, manufacturer Host,
Date of production, publication, distribution, manufacture, or copyright notice 2025
300 ## - FYZICKÝ POPIS
Rozsah 215 stran :
Další fyzické údaje ilustrace (některé barevné), mapy, portréty, faksimile ;
Rozměry 17 cm
336 ## - CONTENT TYPE
Content type term text
Content type code txt
Zdroj rdacontent
336 ## - CONTENT TYPE
Content type term statický obraz
Content type code sti
Zdroj rdacontent
337 ## - MEDIA TYPE
Media type term bez média
Media type code n
Zdroj rdamedia
338 ## - CARRIER TYPE
Carrier type term svazek
Carrier type code nc
Zdroj rdacarrier
520 2# - ABSTRAKT, ATD.
Text poznámky Cestovní cyklistický deník, který skrze postřehy mladého člověka zaznamenává podobu meziválečné Evropy. Na pozadí obyčejných jemných lidských příběhů však často prosvítá i odvrácená strana doby: Evropa připravující se na druhou světovou válku.
600 17 - VEDLEJŠÍ VĚCNÉ ZÁHLAVÍ - OSOBNÍ JMÉNO
Osobní jméno Krainer, Vratislav,
Data související se jménem 1915-2003
Zdroj záhlaví nebo termínu czenas
648 #7 - VEDLEJŠÍ VĚCNÉ ZÁHLAVÍ - CHRONOLOGICKÝ TERMÍN
Chronologický termín 1937
Zdroj záhlaví nebo termínu czenas
648 #7 - VEDLEJŠÍ VĚCNÉ ZÁHLAVÍ - CHRONOLOGICKÝ TERMÍN
Chronologický termín 1931-1940
Zdroj záhlaví nebo termínu czenas
648 #7 - VEDLEJŠÍ VĚCNÉ ZÁHLAVÍ - CHRONOLOGICKÝ TERMÍN
Chronologický termín 20. století
Zdroj záhlaví nebo termínu czenas
650 07 - VEDLEJŠÍ VĚCNÉ ZÁHLAVÍ - VĚCNÉ TÉMA
Topical term or geographic name entry element cestovatelé
Geografické zpřesnění Česko
Chronologické zpřesnění 20. století
Zdroj záhlaví nebo termínu czenas
650 07 - VEDLEJŠÍ VĚCNÉ ZÁHLAVÍ - VĚCNÉ TÉMA
Topical term or geographic name entry element cykloturistika
Geografické zpřesnění Evropa
Chronologické zpřesnění 1931-1940
Zdroj záhlaví nebo termínu czenas
650 07 - VEDLEJŠÍ VĚCNÉ ZÁHLAVÍ - VĚCNÉ TÉMA
Topical term or geographic name entry element cesty a pobyt
Geografické zpřesnění Evropa
Chronologické zpřesnění 1931-1940
Zdroj záhlaví nebo termínu czenas
650 09 - VEDLEJŠÍ VĚCNÉ ZÁHLAVÍ - VĚCNÉ TÉMA
Topical term or geographic name entry element travellers
Geografické zpřesnění Czechia
Chronologické zpřesnění 20th century
Zdroj záhlaví nebo termínu eczenas
650 09 - VEDLEJŠÍ VĚCNÉ ZÁHLAVÍ - VĚCNÉ TÉMA
Topical term or geographic name entry element bicycle touring
Geografické zpřesnění Europe
Chronologické zpřesnění 1931-1940
Zdroj záhlaví nebo termínu eczenas
650 09 - VEDLEJŠÍ VĚCNÉ ZÁHLAVÍ - VĚCNÉ TÉMA
Topical term or geographic name entry element travels and stays
Geografické zpřesnění Europe
Chronologické zpřesnění 1931-1940
Zdroj záhlaví nebo termínu eczenas
651 #7 - VEDLEJŠÍ VĚCNÉ ZÁHLAVÍ - GEOGRAFICKÉ JMÉNO
Geografické jméno Evropa
Všeobecné zpřesnění reálie
Zdroj záhlaví nebo termínu czenas
651 #9 - VEDLEJŠÍ VĚCNÉ ZÁHLAVÍ - GEOGRAFICKÉ JMÉNO
Geografické jméno Europe
Všeobecné zpřesnění description and travel
Zdroj záhlaví nebo termínu eczenas
655 #7 - REJSTŘÍKOVÝ TERMÍN -- žánr/forma
Žánr/forma či základní termín cestovní deníky
Source of term czenas
655 #9 - REJSTŘÍKOVÝ TERMÍN -- žánr/forma
Žánr/forma či základní termín travel diaries
Source of term eczenas
700 1# - ADDED ENTRY--PERSONAL NAME
Osobní jméno Počtová, Jana,
Data související se jménem 1980-
Relationship edt
900 ## - EQUIVALENCE OR CROSS-REFERENCE-PERSONAL NAME [LOCAL, CANADA]
Římské číslice 19
910 ## - USER-OPTION DATA (OCLC)
User-option data ABA001
910 ## - USER-OPTION DATA (OCLC)
User-option data ABA007
910 ## - USER-OPTION DATA (OCLC)
User-option data ABA010
910 ## - USER-OPTION DATA (OCLC)
User-option data ABB060
910 ## - USER-OPTION DATA (OCLC)
User-option data ABG001
910 ## - USER-OPTION DATA (OCLC)
User-option data ABG503
910 ## - USER-OPTION DATA (OCLC)
User-option data BNG001
910 ## - USER-OPTION DATA (OCLC)
User-option data BOA001
910 ## - USER-OPTION DATA (OCLC)
User-option data CBA001
910 ## - USER-OPTION DATA (OCLC)
User-option data CHG001
910 ## - USER-OPTION DATA (OCLC)
User-option data CLG001
910 ## - USER-OPTION DATA (OCLC)
User-option data CRG001
910 ## - USER-OPTION DATA (OCLC)
User-option data HBG001
910 ## - USER-OPTION DATA (OCLC)
User-option data HKA001
910 ## - USER-OPTION DATA (OCLC)
User-option data HOG503
910 ## - USER-OPTION DATA (OCLC)
User-option data JCG001
910 ## - USER-OPTION DATA (OCLC)
User-option data KAG503
910 ## - USER-OPTION DATA (OCLC)
User-option data KLG001
910 ## - USER-OPTION DATA (OCLC)
User-option data KLG002
910 ## - USER-OPTION DATA (OCLC)
User-option data KVG001
910 ## - USER-OPTION DATA (OCLC)
User-option data LIA001
910 ## - USER-OPTION DATA (OCLC)
User-option data MOG001
910 ## - USER-OPTION DATA (OCLC)
User-option data NJG504
910 ## - USER-OPTION DATA (OCLC)
User-option data NJG505
910 ## - USER-OPTION DATA (OCLC)
User-option data OLA001
910 ## - USER-OPTION DATA (OCLC)
User-option data OLG001
910 ## - USER-OPTION DATA (OCLC)
User-option data OSA001
910 ## - USER-OPTION DATA (OCLC)
User-option data PAG001
910 ## - USER-OPTION DATA (OCLC)
User-option data PIG001
910 ## - USER-OPTION DATA (OCLC)
User-option data PNA001
910 ## - USER-OPTION DATA (OCLC)
User-option data PRG001
910 ## - USER-OPTION DATA (OCLC)
User-option data PVG001
910 ## - USER-OPTION DATA (OCLC)
User-option data SUG802
910 ## - USER-OPTION DATA (OCLC)
User-option data UHG001
910 ## - USER-OPTION DATA (OCLC)
User-option data ULG001
910 ## - USER-OPTION DATA (OCLC)
User-option data VSG501
910 ## - USER-OPTION DATA (OCLC)
User-option data ZLG001
910 ## - USER-OPTION DATA (OCLC)
User-option data ZNG001
910 ## - USER-OPTION DATA (OCLC)
User-option data ZRG001
910 ## - USER-OPTION DATA (OCLC)
User-option data ZRG501
942 ## - PŘIDANÉ VEDLEJŠÍ ZÁHLAVÍ (KOHA)
Source of classification or shelving scheme Dewey Decimal Classification
Koha item type Kniha
Suppress in OPAC No
Jednotky
Datum poslední evidence Přírůstkové číslo Total Checkouts Signatura Čárový kód Cena effektivně od Koha item type Stav ztráty Source of classification or shelving scheme Stav poškození Nelze vypůjčit Stav zrušení Home library Current library Umístění Datum zapsání
28.04.2026 1885   942/1885/KRA 942/1885/KRA 28.04.2026 Kniha   Dewey Decimal Classification       Centrum dokumentárního filmu Centrum dokumentárního filmu Dokumentární kniha 942 28.04.2026